[Event "Crikvenica 5th"]
[Site "Crikvenica"]
[Date "2009.02.23"]
[Round "1"]
[White "Mrksic, Branko"]
[Black "Mrdja, Milan"]
[Result "1/2-1/2"]
[WhiteElo "2199"]
[BlackElo "2386"]
[PlyCount "56"]
[EventDate "2008.11.21"]
[EventType "tourn"]
[EventRounds "10"]
[EventCountry "CRO"]
[EventCategory "4"]
[SourceTitle "EXT 2010"]
[Source "ChessBase"]
[SourceDate "2010.11.25"]
[SourceVersion "1"]
[SourceVersionDate "2010.11.25"]
[SourceQuality "1"]

1. Nf3 Nf6 2. c4 e6 3. Nc3 Bb4 4. Qb3 c5 5. a3 Ba5 6. g3 Nc6 7. Bg2 d5 8. 0-0 Bxc3 9. Qxc3 d4 10. Qc2 a5 11. d3 e5 12. e3 0-0 13. Re1 Re8 14. h3 Bf5 15. exd4 Nxd4 16. Nxd4 Qxd4 17. Be3 Qxd3 18. Qxd3 Bxd3 19. Bxc5 Bxc4 20. Bxb7 Rab8 21. Bg2 Rxb2 22. Rac1 Bd5 23. Bxd5 Nxd5 24. Bd4 Rbb8 25. Rxe5 Rxe5 26. Bxe5 Rd8 27. Rc5 f6 28. Bd4 Nf4 1/2-1/2

[Event "Crikvenica Nov"]
[Site "Crikvenica"]
[Date "2008.11.25"]
[Round "10"]
[White "Zecevic, Dean"]
[Black "Mrksic, Branko"]
[Result "1/2-1/2"]
[WhiteElo "2264"]
[BlackElo "2223"]
[PlyCount "38"]
[EventDate "2008.11.21"]
[EventType "tourn"]
[EventRounds "10"]
[EventCountry "CRO"]
[EventCategory "2"]
[SourceTitle "EXT 2010"]
[Source "ChessBase"]
[SourceDate "2010.11.25"]
[SourceVersion "1"]
[SourceVersionDate "2010.11.25"]
[SourceQuality "1"]

1. e4 e5 2. Nf3 Nc6 3. Bb5 a6 4. Ba4 Nf6 5. 0-0 Be7 6. Re1 b5 7. Bb3 0-0 8. h3 d6 9. c3 Na5 10. Bc2 c5 11. d4 Qc7 12. Nbd2 cxd4 13. cxd4 Nc6 14. Nb3 Nb4 15. Bb1 a5 16. a3 Nc6 17. Be3 a4 18. Nbd2 Bd7 19. Bd3 Qb8 1/2-1/2

[Event "Crikvenica Nov"]
[Site "Crikvenica"]
[Date "2008.11.23"]
[Round "5"]
[White "Mrksic, Branko"]
[Black "Zecevic, Dean"]
[Result "1-0"]
[WhiteElo "2223"]
[BlackElo "2264"]
[PlyCount "47"]
[EventDate "2008.11.21"]
[EventType "tourn"]
[EventRounds "10"]
[EventCountry "CRO"]
[EventCategory "2"]
[SourceTitle "EXT 2010"]
[Source "ChessBase"]
[SourceDate "2010.11.25"]
[SourceVersion "1"]
[SourceVersionDate "2010.11.25"]
[SourceQuality "1"]

1. e4 d6 2. d4 Nf6 3. Nc3 g6 4. Bg5 Bg7 5. f4 0-0 6. Nf3 Bg4 7. h3 Bxf3 8. Qxf3 Nc6 9. 0-0-0 Nd7 10. e5 f6 11. exf6 exf6 12. Bh4 Kh8 13. f5 g5 14. Bf2 Nb6 15. h4 h6 16. Ne4 Ne7 17. g4 Kg8 18. Ng3 d5 19. Nh5 Qd6 20. Bg3 Qd7 21. Bd3 c6 22. Rh2 Rae8 23. Rf1 Nc4 24. Nxg7 1-0

[Event "Crikvenica Nov"]
[Site "Crikvenica"]
[Date "2008.11.21"]
[Round "1"]
[White "Lovric, Branko"]
[Black "Mrksic, Branko"]
[Result "1-0"]
[WhiteElo "2364"]
[BlackElo "2223"]
[PlyCount "91"]
[EventDate "2008.11.21"]
[EventType "tourn"]
[EventRounds "10"]
[EventCountry "CRO"]
[EventCategory "2"]
[SourceTitle "EXT 2010"]
[Source "ChessBase"]
[SourceDate "2010.11.25"]
[SourceVersion "1"]
[SourceVersionDate "2010.11.25"]
[SourceQuality "1"]

1. b3 Nf6 2. Bb2 e6 3. e3 b6 4. f4 Bb7 5. Nf3 d6 6. a4 Nbd7 7. Na3 a6 8. Nc4 g6 9. Be2 Bg7 10. 0-0 0-0 11. Qe1 h6 12. d3 Qe7 13. Ncd2 c5 14. e4 Rfe8 15. e5 Nd5 16. Nc4 Nxf4 17. Nxd6 Reb8 18. Bd1 Bd5 19. Qd2 g5 20. Nc4 f6 21. exf6 Bxf6 22. Bxf6 Qxf6 23. Rb1 b5 24. axb5 axb5 25. Ne3 Ne5 26. Nxd5 Nxd5 27. Nxe5 Qxe5 28. Bf3 Ra2 29. Bxd5 Qxd5 30. Kh1 e5 31. Qf2 Qe6 32. Rbe1 c4 33. bxc4 bxc4 34. dxc4 Rc8 35. Re4 Ra6 36. h3 Rac6 37. Qe2 Rc5 38. c3 Ra5 39. Rd1 Re8 40. Qe3 Rc8 41. Red4 Ra6 42. Rd7 Qf5 43. c5 Rac6 44. Qe2 Rxc5 45. Qa2+ Kh8 46. Rd8+ 1-0

[Event "CRO-chT3"]
[Site "Zagreb"]
[Date "2008.05.04"]
[Round "6"]
[White "Krpanec, Zeljko"]
[Black "Mrksic, Branko"]
[Result "1/2-1/2"]
[WhiteElo "2014"]
[BlackElo "2235"]
[PlyCount "50"]
[EventDate "2008.03.30"]
[EventType "team-tourn"]
[EventRounds "9"]
[EventCountry "CRO"]
[SourceTitle "EXT 2011"]
[Source "ChessBase"]
[SourceDate "2010.11.26"]
[SourceVersion "1"]
[SourceVersionDate "2010.11.26"]
[SourceQuality "1"]

1. e4 c5 2. Nf3 d6 3. d4 cxd4 4. Nxd4 Nf6 5. Nc3 a6 6. Bg5 e6 7. f4 h6 8. Bh4 Be7 9. Qf3 Nc6 10. Nxc6 bxc6 11. e5 Nd5 12. Bxe7 Qxe7 13. exd6 Qxd6 14. Nxd5 cxd5 15. b3 Bb7 16. Kf2 0-0 17. Bd3 f6 18. Qg4 e5 19. Bf5 Qc5+ 20. Kg3 Qe3+ 21. Qf3 exf4+ 22. Kg4 Qxf3+ 23. gxf3 Bc8 24. Kxf4 Bxf5 25. Kxf5 Rfe8 1/2-1/2